Natural Justice Judicial Review & Administrative Law: (Record no. 622670)

MARC details
000 -LEADER
fixed length control field 00580nam a22001817a 4500
008 - FIXED-LENGTH DATA ELEMENTS--GENERAL INFORMATION
fixed length control field 260506b |||||||| |||| 00| 0 eng d
020 ## - INTERNATIONAL STANDARD BOOK NUMBER
ISBN 9788174961570
Paper back/Hardbound hbk
041 ## - LANGUAGE CODE
Language code of text/sound track or separate title eng
082 ## - DEWEY DECIMAL CLASSIFICATION NUMBER
Classification number 342.4206 MIT
100 ## - MAIN ENTRY--AUTHOR NAME
Personal name Mittal, D.P.
245 ## - TITLE STATEMENT
Title Natural Justice Judicial Review & Administrative Law:
Sub Title With Special Reference to Law of Income Tax
Statement of responsibility, etc /D. P. Mittal;
260 ## - PUBLICATION, DISTRIBUTION, ETC. (IMPRINT)
Place of publication New Delhi
Name of publisher Taxmann Allied Services (P.) Ltd.
Year of publication 1999
300 ## - PHYSICAL DESCRIPTION
Number of Pages 433p. :
Dimensions 27cm.
504 ## - BIBLIOGRAPHY, ETC. NOTE
Bibliography, etc Includes index
650 ## - SUBJECT ADDED ENTRY--TOPICAL TERM
Topical Term Constitutional & administrative law
942 ## - ADDED ENTRY ELEMENTS (KOHA)
Koha item type English Books
Holdings
Withdrawn status Lost status Damaged status Not for loan Home library Current library Shelving location Date acquired Full call number Accession Number Price effective from Koha item type
        Anna Centenary Library Anna Centenary Library 4TH FLOOR, A WING 05.08.2010 342.4206 MIT 93457 06.05.2026 English Books

Find us on the map